000 00560nam a22001817a 4500
005 20260309082540.0
008 260309b |||||||| |||| 00| 0 eng d
020 _a 9781878812575
050 _a RA971
_b.L66 2000
100 _aLongest, Beaufort B.
245 _a Managing health services organizations and systems /
250 _a4th ed.
260 _a Baltimore :
_bHealth Professions Press,
_c2000.
300 _axxix, 882 p. :
_b ill. ;
_c26 cm.
650 _aHealth facilities
_xAdministration.
700 _aRakich, Jonathon S.
942 _2lcc
_cBK
999 _c60228
_d60228